Individual choice behavior : (Record no. 7069)
[ view plain ]
| 000 -LEADER | |
|---|---|
| fixed length control field | 00756cam a22002532 4500 |
| 001 - CONTROL NUMBER | |
| control field | 7069 |
| 003 - CONTROL NUMBER IDENTIFIER | |
| rucl marc code | BD-RjUL |
| 005 - DATE AND TIME OF LATEST TRANSACTION | |
| control field | 20211208234348.0 |
| 008 - FIXED-LENGTH DATA ELEMENTS--GENERAL INFORMATION | |
| fixed length control field | 720103s1959 nyu b 000 0 eng |
| 035 ## - SYSTEM CONTROL NUMBER | |
| System control number | OCLC ocm00190041 from D970927M |
| -- | (BD-RjUL)7111 |
| 040 ## - CATALOGING SOURCE | |
| Original cataloging agency | DLC |
| Transcribing agency | WSU |
| Modifying agency | OCL |
| -- | BD-RjUL |
| Language of cataloging | eng |
| 041 ## - LANGUAGE CODE | |
| Language code of text/sound track or separate title | eng |
| 082 ## - DEWEY DECIMAL CLASSIFICATION NUMBER | |
| Classification number | 159.1 |
| Author mark and year | LUI 1959 |
| 100 1# - MAIN ENTRY--PERSONAL NAME | |
| Personal name | Luce, R. Duncan |
| Fuller form of name | (Robert Duncan) |
| 9 (RLIN) | 22143 |
| 245 10 - TITLE STATEMENT | |
| Title | Individual choice behavior : |
| Remainder of title | a theoretical analysis / |
| 260 ## - PUBLICATION, DISTRIBUTION, ETC. (IMPRINT) | |
| Place of publication, distribution, etc. | london; |
| -- | New York : |
| Name of publisher, distributor, etc. | John Wiley, |
| Date of publication, distribution, etc. | [1959] |
| 300 ## - PHYSICAL DESCRIPTION | |
| Pagination | xii, 153 p. |
| Illustrations | diagrs. |
| Size | 24 cm. |
| 504 ## - BIBLIOGRAPHY, ETC. NOTE | |
| Bibliography, etc | Bibliography: p. 147-149. |
| 650 #0 - SUBJECT ADDED ENTRY--TOPICAL TERM | |
| Topical term or geographic name as entry element | Psychometrics. |
| 9 (RLIN) | 5211 |
| Topical term or geographic name as entry element | Choice (Psychology) |
| 9 (RLIN) | 5236 |
| 942 ## - ADDED ENTRY ELEMENTS (KOHA) | |
| Source of classification or shelving scheme | Dewey Decimal Classification |
| Koha item type | Books |
| Lost status | Source of classification or shelving scheme | Damaged status | Not for loan | Collection code | Permanent Location | Current Location | Shelving location | Date acquired | Source of acquisition | Cost, normal purchase price | Total Checkouts | Full call number | Date last seen | Copy number | Koha item type |
|---|---|---|---|---|---|---|---|---|---|---|---|---|---|---|---|
| Dewey Decimal Classification | Not For Loan | Non-fiction | Central Library, University of Rajshahi | Central Library, University of Rajshahi | 25/03/1963 | Zeitlinger | 45.00 | 159.1 LUI 1959 | 13/01/2014 | C-1 | Books |